Marketing management: (Record no. 8080)

MARC details
000 -LEADER
fixed length control field 00796nam a22002657a 4500
003 - CONTROL NUMBER IDENTIFIER
control field OSt
005 - DATE AND TIME OF LATEST TRANSACTION
control field 20260202013151.0
008 - FIXED-LENGTH DATA ELEMENTS--GENERAL INFORMATION
fixed length control field 260202b |||||||| |||| 00| 0 eng d
020 ## - INTERNATIONAL STANDARD BOOK NUMBER
International Standard Book Number 978-1-292-08958-4
040 ## - CATALOGING SOURCE
Original cataloging agency DWC-Main lib
Transcribing agency OC
082 ## - DEWEY DECIMAL CLASSIFICATION NUMBER
Classification number Circ. 658.802 M345 2018
100 ## - MAIN ENTRY--PERSONAL NAME
Personal name Kotler, Philip
245 ## - TITLE STATEMENT
Title Marketing management:
Remainder of title An Asian perspective/
Statement of responsibility, etc. Philip Kotler
260 ## - PUBLICATION, DISTRIBUTION, ETC.
Place of publication, distribution, etc. United Kingdom :
Name of publisher, distributor, etc. Pearson Education,
Date of publication, distribution, etc. c2018.
300 ## - PHYSICAL DESCRIPTION
Extent 845 pages :
Other physical details illustrations ;
Dimensions 27cm.
504 ## - BIBLIOGRAPHY, ETC. NOTE
Bibliography, etc. note Includes Glossary and Index
650 ## - SUBJECT ADDED ENTRY--TOPICAL TERM
Topical term or geographic name entry element 1. Asia
650 ## - SUBJECT ADDED ENTRY--TOPICAL TERM
Topical term or geographic name entry element 2. Marketing
650 ## - SUBJECT ADDED ENTRY--TOPICAL TERM
Topical term or geographic name entry element 3. Marketing -- Management
700 ## - ADDED ENTRY--PERSONAL NAME
Personal name Kevin Lane Keller
700 ## - ADDED ENTRY--PERSONAL NAME
Personal name Swee Hoon Ang
700 ## - ADDED ENTRY--PERSONAL NAME
Personal name Ching Tiong
700 ## - ADDED ENTRY--PERSONAL NAME
Personal name Siew Meong Leong
942 ## - ADDED ENTRY ELEMENTS (KOHA)
Source of classification or shelving scheme Dewey Decimal Classification
Koha item type Book Circulation
Call number prefix Circ.
Suppress in OPAC No
952 ## - LOCATION AND ITEM INFORMATION (KOHA)
--
Holdings
Withdrawn status Lost status Source of classification or shelving scheme Damaged status Not for loan Home library Current library Shelving location Date acquired Source of acquisition Total Checkouts Full call number Barcode Date last seen Copy number Price effective from Koha item type Uniform Resource Identifier
    Dewey Decimal Classification     College Library College Library Circulation 10/07/2020 School Fund   Circ. 658.802 M345 2018 CL52603 02/02/2026 c1 02/02/2026 BK-CIRC